00692nam a2200169 a 450000100100000000500170001000800410002702000150006804000250008310000350010824501290014326000520027230000210032450000490034595201110039499900170050500003973120201002033714.0130718s2003 xxu 000 0 spa d a081664165X aDO-SdBNPbspacBNPHU1 aWeissberger, Barbara F.96592710aIsabel Rules : constructing queenship, wielding power / :bconstructing queenship, wielding power /cBarbara F. Weissberger. aLondon :bUniversity of Minnesota Press,c2003. a326 p. ;c24 cm. aIncluye notas y referencias bibliográficas 001054708MOaGRbGRcCTd2013-07-18iLF1l0o p39731-10r2020-06-25w2020-06-25y4ZPréstamo en sala c39221d39221